[Event "Seville op 33rd"]
[Site "Seville"]
[Date "2008.01.07"]
[Round "4"]
[White "Calvo Gomez Alvarez, Juan Pedro"]
[Black "Teran Alvarez, Ismael"]
[Result "0-1"]
[WhiteElo "2007"]
[BlackElo "2404"]
[PlyCount "57"]
[EventDate "2008.01.05"]
[EventType "swiss"]
[EventRounds "9"]
[EventCountry "ESP"]
[SourceTitle "CBM 122 Extra"]
[Source "ChessBase"]
[SourceDate "2008.03.04"]
[SourceVersion "1"]
[SourceVersionDate "2008.03.04"]
[SourceQuality "1"]

1. e4 c5 2. Nf3 Nc6 3. d4 cxd4 4. Nxd4 g6 5. Bc4 Bg7 6. Be3 Nf6 7. Nc3 0-0 8. 0-0 d6 9. h3 Bd7 10. f4 Qb6 11. Rb1 Nxe4 12. Nxe4 Bxd4 13. Bxd4 Qxd4+ 14. Qxd4 Nxd4 15. c3 Nf5 16. Rf3 Bc6 17. Bd3 d5 18. Ng3 Nd6 19. Re3 e6 20. Rbe1 Bb5 21. Bb1 Rac8 22. h4 Kg7 23. Nh1 Bd7 24. Nf2 Rc6 25. g4 Rb6 26. Nd3 Nc4 27. R3e2 Rc8 28. Ne5 Nxe5 29. fxe5 0-1

[Event "Coria del Rio op 13th"]
[Site "Coria del Rio"]
[Date "2007.02.21"]
[Round "1"]
[White "Calvo Gomez Alvarez, Juan Pedro"]
[Black "Lalic, Bogdan"]
[Result "0-1"]
[WhiteElo "2000"]
[BlackElo "2522"]
[PlyCount "46"]
[EventDate "2007.02.20"]
[EventType "swiss"]
[EventRounds "9"]
[EventCountry "ESP"]
[SourceTitle "CBM 117 Extra"]
[Source "ChessBase"]
[SourceDate "2007.05.09"]
[SourceVersion "1"]
[SourceVersionDate "2007.05.09"]
[SourceQuality "1"]

1. e4 c5 2. d3 e6 3. Nd2 d5 4. Ngf3 Nc6 5. g3 Bd6 6. Bg2 Nge7 7. 0-0 0-0 8. Re1 Rb8 9. h4 Bc7 10. Nf1 d4 11. N1h2 e5 12. Ng5 h6 13. Nh3 f5 14. f4 fxe4 15. dxe4 Bxh3 16. Bxh3 exf4 17. Ng4 f3 18. Nxh6+ gxh6 19. Be6+ Kh7 20. Qd2 Rf6 21. Bf5+ Nxf5 22. exf5 Qg8 23. Re6 Qxg3+ 0-1